Statistics for Provinces of the Netherlands Map Quiz

Click here to take the quiz!

General Stats

  • This quiz has been taken 2,120 times
  • The average score is 9 of 12

Answers on the Map

Answers color-coded by a green-red scale on the quiz's map according to % correct below.
 

Answer Stats

Answer% Correct
South Holland
88%
North Holland
87%
Zeeland
87%
Friesland
79%
Limburg
79%
Utrecht
79%
North Brabant
75%
Groningen
71%
Flevoland
69%
Drenthe
62%
Overijssel
61%
Gelderland
60%

Score Distribution

Percentile by Number Answered

Percent of People with Each Score

Your Score History

You have not taken this quiz